| 000 | 01050cab a2200277 4500 | ||
|---|---|---|---|
| 001 | WB3208-26 | ||
| 008 | 090401t1996 xxu||||| |||| 00| 0 eng d | ||
| 035 | _a(Sirsi) u34482 | ||
| 041 | _aeng | ||
| 245 | _aLandlord required to serve notices | ||
| 260 | _c1996 | ||
| 350 | _a0 | ||
| 490 |
_aTimes _v20 February 1996, 19 |
||
| 490 |
_aEvening Standard _v20 February 1996, 6(2) |
||
| 520 | _a"Mainwaring v Trustees of Henry Smith`s Charity" CA 16 February 1996. Declared that the Trustees were in breach of their statutory duty by not serving section 5 notices on qualifying tenants - offering them the opportunity to purchase the Freehold. Comments on the judgment. | ||
| 650 | _aKENSINGTON ESTATE | ||
| 650 | _aLANDLORD AND TENANT ACT 1987 | ||
| 650 | _aMAINWARING V TRUSTEES OF HENRY SMITHS CHARITY | ||
| 650 | _aRIGHT OF FIRST REFUSAL | ||
| 650 | _aSECTION 18 NOTICES | ||
| 650 | _aSECTION 5 NOTICES | ||
| 650 | _aWELLCOME TRUST | ||
| 690 | _aLANDLORD AND TENANT-CASE LAW-LEASEHOLD REFORM | ||
| 942 | _n0 | ||
| 948 | _c04/03/1997 | ||
| 999 |
_c22833 _d22833 |
||